Goodbye, Mr. Chips (Record no. 1661)

000 -LEADER
fixed length control field 00544nam a22001937a 4500
005 - DATE AND TIME OF LATEST TRANSACTION
control field 20210423055554.0
008 - FIXED-LENGTH DATA ELEMENTS--GENERAL INFORMATION
fixed length control field 210223s1957 ||||| |||| 00| 0 eng d
040 ## - CATALOGING SOURCE
Original cataloging agency eng
Transcribing agency DLC
041 ## - LANGUAGE CODE
Language code of text/sound track or separate title eng
080 ## - UNIVERSAL DECIMAL CLASSIFICATION NUMBER
Universal Decimal Classification number 821.111
Item number H-66
100 ## - MAIN ENTRY--PERSONAL NAME
9 (RLIN) 1078
Personal name Hilton, James
245 ## - TITLE STATEMENT
Title Goodbye, Mr. Chips
Statement of responsibility, etc. / by: Bantam Books
260 ## - PUBLICATION, DISTRIBUTION, ETC.
Place of publication, distribution, etc. Boston, Mass.
Name of publisher, distributor, etc. Bantam Books
Date of publication, distribution, etc. 1957
300 ## - PHYSICAL DESCRIPTION
Extent 115 p.
Other physical details ill.
365 ## - TRADE PRICE
Price amount 0.75 usd
650 #0 - SUBJECT ADDED ENTRY--TOPICAL TERM
9 (RLIN) 254
Topical term or geographic name entry element English literature
653 ## - INDEX TERM--UNCONTROLLED
Uncontrolled term ინგლისური ლიტერატურა
942 ## - ADDED ENTRY ELEMENTS (KOHA)
Source of classification or shelving scheme
Koha item type Books
Holdings
Withdrawn status Lost status Source of classification or shelving scheme Damaged status Not for loan Permanent location Current location Date acquired Inventory number Total Checkouts Full call number Barcode Date last seen Price effective from Koha item type
          Ken Walker International University Ken Walker International University 02/23/2021 1826   821.111 H-66 1826 02/23/2021 02/23/2021 Books

Powered by Koha